[Event "PRO League KO Stage 2020"]
[Site "chess.com INT"]
[Date "2020.03.13"]
[Round "2"]
[White "Grischuk, Alexander"]
[Black "Robson, Ray"]
[Result "1-0"]
[WhiteTitle "GM"]
[BlackTitle "GM"]
[WhiteElo "2777"]
[BlackElo "2673"]
[WhiteTeam "Canada Chessbrahs"]
[BlackTeam "Chicago Wind"]
[WhiteFideId "4126025"]
[BlackFideId "2023970"]
[EventDate "2020.03.02"]

1. Nf3 d5 2. d3 Nf6 3. g3 c6 4. Nbd2 Bg4 5. h3 Bh5 6. Bg2 e6 7. g4 Bg6 8. Nh4
Bd6 9. e3 Nbd7 10. Qe2 Nf8 11. f4 N6d7 12. Ndf3 e5 13. Bd2 f6 14. O-O-O Qe7 15.
fxe5 fxe5 16. e4 Ne6 17. exd5 cxd5 18. Nf5 Bxf5 19. gxf5 Nc7 20. Ng5 O-O-O 21.
c4 h6 22. Ne6 Nxe6 23. fxe6 Qxe6 24. Bxd5 Qe7 25. Kb1 Nf6 26. Bg2 Kb8 27. Bc3
Rhe8 28. Rhe1 Qc7 29. a3 Re7 30. b4 Qc8 31. Qc2 Rde8 32. Bb2 Qf5 33. c5 Bc7 34.
Qc4 a6 35. b5 Qe6 36. b6 Bd8 37. Bxe5+ Ka8 38. Qxa6# 1-0

[Event "PRO League KO Stage 2020"]
[Site "chess.com INT"]
[Date "2020.03.13"]
[Round "2"]
[White "Giri, Anish"]
[Black "Nyzhnyk, Illya"]
[Result "1/2-1/2"]
[WhiteTitle "GM"]
[BlackTitle "GM"]
[WhiteElo "2763"]
[BlackElo "2665"]
[WhiteTeam "Canada Chessbrahs"]
[BlackTeam "Chicago Wind"]
[WhiteFideId "24116068"]
[BlackFideId "14118084"]
[EventDate "2020.03.02"]

1. d4 Nf6 2. c4 g6 3. Nf3 Bg7 4. g3 O-O 5. Bg2 d6 6. O-O c6 7. Nc3 Bf5 8. Bg5
Ne4 9. Nxe4 Bxe4 10. Qd2 Re8 11. Nh4 Bxg2 12. Kxg2 d5 13. cxd5 Qxd5+ 14. Nf3 Nd7
15. Rfe1 Nf6 16. Bxf6 exf6 17. Qb4 Rab8 18. Rac1 f5 19. Qc4 Qe4 20. Rc3 f4 21.
Qd3 Qe6 22. Qc4 Qf5 23. Qd3 Qd7 24. Qd2 Re4 25. Rd3 Rbe8 26. d5 c5 27. d6 fxg3
28. hxg3 h6 29. Rd5 b6 30. b3 g5 31. Qd3 f5 32. Nd2 Rd4 33. Rxd4 Bxd4 34. e3
Qxd6 35. Qxf5 Bc3 36. Re2 Rf8 37. Qc2 Qc6+ 38. e4 Bd4 39. Nf3 Bg7 40. Qc4+ Kh8
41. a4 g4 42. Nh4 Bd4 43. Qd5 Qxd5 44. exd5 Rd8 45. Re7 Bf6 46. Re6 Bg5 47. d6
Kg7 48. f4 gxf3+ 49. Nxf3 Kf7 50. Nxg5+ hxg5 51. Rh6 Kg7 52. Re6 Kf7 53. Rh6 Kg7
54. Re6 Kf7 1/2-1/2

[Event "PRO League KO Stage 2020"]
[Site "chess.com INT"]
[Date "2020.03.13"]
[Round "2"]
[White "Cori, Jorge"]
[Black "Firouzja, Alireza"]
[Result "1-0"]
[WhiteTitle "GM"]
[BlackTitle "GM"]
[WhiteElo "2652"]
[BlackElo "2728"]
[WhiteTeam "Chicago Wind"]
[BlackTeam "Canada Chessbrahs"]
[WhiteFideId "3802272"]
[BlackFideId "12573981"]
[EventDate "2020.03.02"]

1. d4 Nf6 2. Nf3 d5 3. c4 e6 4. e3 Be7 5. Nc3 O-O 6. cxd5 exd5 7. Bd3 c6 8. h3
Re8 9. Qc2 Bd6 10. Bd2 Nbd7 11. g4 Qe7 12. O-O-O Ne4 13. Rdf1 Nf8 14. Kb1 Ng6
15. Bc1 Bb4 16. Ne2 Bd7 17. Nf4 Rac8 18. Nxg6 hxg6 19. Ne5 c5 20. Qe2 c4 21.
Bxe4 dxe4 22. f4 c3 23. f5 Ba4 24. fxg6 f6 25. g5 cxb2 26. Bxb2 Rc2 27. Qh5
Rxb2+ 28. Kxb2 Bc3+ 29. Kxc3 Rc8+ 30. Nc4 Rxc4+ 31. Kxc4 b5+ 32. Kc3 Qa3+ 33.
Kd2 Qd3+ 34. Ke1 Qxe3+ 35. Qe2 Qg3+ 36. Kd2 Qxg5+ 37. Qe3 Qd5 38. Rc1 Qxa2+ 39.
Ke1 1-0

[Event "PRO League KO Stage 2020"]
[Site "chess.com INT"]
[Date "2020.09.25"]
[Round "3.1"]
[White "Li, Chao b"]
[Black "Caruana, Fabiano"]
[Result "1/2-1/2"]
[WhiteTitle "GM"]
[BlackTitle "GM"]
[WhiteElo "2683"]
[BlackElo "2842"]
[WhiteTeam "China Pandas"]
[BlackTeam "Saint Louis Arch Bishops"]
[WhiteFideId "8604436"]
[BlackFideId "2020009"]
[EventDate "2020.03.02"]

1. d4 Nf6 2. Nf3 d5 3. Bf4 e6 4. e3 Bd6 5. Bg3 O-O 6. Nbd2 b6 7. c3 Bb7 8. Bd3
Ne4 9. O-O Nd7 10. a4 Nxg3 11. hxg3 c5 12. Qb1 g6 13. e4 cxd4 14. cxd4 Bb4 15.
e5 Rc8 16. Rd1 f5 17. Nf1 Qe7 18. Rc1 Nb8 19. Rxc8 Rxc8 20. Qd1 Nc6 21. Rc1 Na5
22. Ne3 Rxc1 23. Qxc1 Bc6 24. Qc2 Qd8 25. Ba6 Be7 26. b3 Bd7 27. Qc3 Nc6 28. Nc2
Nb8 29. Be2 Qc8 30. Qxc8+ Bxc8 31. Nfe1 Nc6 32. Nd3 Na5 33. Nc1 Kf7 34. Kf1 h5
35. Ke1 h4 36. gxh4 Bxh4 37. g3 Be7 38. Kd2 Ke8 39. Kc3 Bd7 40. Nd3 g5 41. g4 f4
42. Nde1 Kd8 43. Nf3 Be8 44. Bd3 Nc6 45. b4 a5 46. b5 Nb8 47. Nce1 Nd7 48. Kd2
Nf8 49. Ng1 Bg6 50. Bxg6 Nxg6 51. Nef3 Nh8 52. Nh3 Nf7 1/2-1/2

[Event "PRO League KO Stage 2020"]
[Site "chess.com INT"]
[Date "2020.09.25"]
[Round "3.1"]
[White "So, Wesley"]
[Black "Yu, Yangyi"]
[Result "1/2-1/2"]
[WhiteTitle "GM"]
[BlackTitle "GM"]
[WhiteElo "2770"]
[BlackElo "2709"]
[WhiteTeam "Saint Louis Arch Bishops"]
[BlackTeam "China Pandas"]
[WhiteFideId "5202213"]
[BlackFideId "8603820"]
[EventDate "2020.03.02"]

1. e4 e5 2. Nf3 Nf6 3. Nxe5 d6 4. Nf3 Nxe4 5. d3 Nf6 6. d4 g6 7. Bb5+ c6 8. Bd3
Bg7 9. Qe2+ Qe7 10. Qxe7+ Kxe7 11. O-O Rd8 12. Re1+ Kf8 13. Bf4 h6 14. h3 Nd5
15. Bd2 a5 16. a3 b5 17. c4 bxc4 18. Bxc4 Be6 19. Nc3 Nc7 20. Bxe6 Nxe6 21. d5
cxd5 22. Nxd5 Nd7 23. Bc3 Bxc3 24. Nxc3 Rab8 25. Re2 Nf4 26. Rd2 Ne5 27. Nxe5
dxe5 28. Rad1 Rxd2 29. Rxd2 Ke7 30. h4 f5 31. g3 Nh5 32. Rd5 e4 33. Na4 Ra8 34.
Nb6 Ra6 35. Rb5 Nf6 36. Nc4 a4 37. Rb7+ Ke6 38. Rb6+ Rxb6 39. Nxb6 g5 40. hxg5
hxg5 41. Nxa4 Kd5 42. b4 Kc4 43. Nc5 f4 44. Kf1 e3 45. fxe3 fxe3 46. Ke2 Nd5 47.
g4 Nf6 48. Nd3 Nxg4 49. a4 Nf6 50. a5 Kb5 51. Kxe3 Nd5+ 52. Kf3 Nxb4 53. Nxb4
Kxa5 54. Kg4 Kxb4 55. Kxg5 1/2-1/2

[Event "PRO League KO Stage 2020"]
[Site "chess.com INT"]
[Date "2020.09.25"]
[Round "3.1"]
[White "Xiong, Jeffery"]
[Black "Ding, Liren"]
[Result "1/2-1/2"]
[WhiteTitle "GM"]
[BlackTitle "GM"]
[WhiteElo "2709"]
[BlackElo "2805"]
[WhiteTeam "Saint Louis Arch Bishops"]
[BlackTeam "China Pandas"]
[WhiteFideId "2047640"]
[BlackFideId "8603677"]
[EventDate "2020.03.02"]

1. d4 Nf6 2. c4 e6 3. Nc3 Bb4 4. Qc2 O-O 5. Nf3 d5 6. a3 Bxc3+ 7. Qxc3 b6 8. Bg5
dxc4 9. Qxc4 Ba6 10. Qa4 h6 11. Bh4 c5 12. dxc5 bxc5 13. Rd1 Qb6 14. Bxf6 gxf6
15. e3 Bxf1 16. Kxf1 Nc6 17. Rb1 Rfd8 18. Ke2 Rd5 19. Rhc1 Ne5 20. Nxe5 Rxe5 21.
b4 cxb4 22. Rxb4 Ra5 23. Rxb6 Rxa4 24. Rb3 Rd8 25. Rc7 a6 26. Kf3 f5 27. Ra7 a5
28. Rbb7 Rf8 29. Rb3 Rd8 30. Rbb7 Rf8 31. Rb3 Rd8 1/2-1/2

[Event "PRO League KO Stage 2020"]
[Site "chess.com INT"]
[Date "2020.09.25"]
[Round "3.2"]
[White "Ding, Liren"]
[Black "So, Wesley"]
[Result "1/2-1/2"]
[WhiteTitle "GM"]
[BlackTitle "GM"]
[WhiteElo "2805"]
[BlackElo "2770"]
[WhiteTeam "China Pandas"]
[BlackTeam "Saint Louis Arch Bishops"]
[WhiteFideId "8603677"]
[BlackFideId "5202213"]
[EventDate "2020.03.02"]

1. c4 Nf6 2. Nc3 e5 3. Nf3 Nc6 4. g3 d5 5. cxd5 Nxd5 6. Bg2 Bc5 7. O-O O-O 8. d3
Re8 9. Bg5 Nxc3 10. bxc3 f6 11. Bc1 Be6 12. Bb2 Bb6 13. d4 Bd5 14. e3 Na5 15.
Qc2 Nc4 16. Rfd1 e4 17. Nd2 Qe7 18. Bf1 Qf7 19. Nxc4 Bxc4 20. Bxc4 Qxc4 21. Qb3
Qxb3 22. axb3 c5 23. d5 Kf7 24. c4 Bc7 25. d6 Bb6 26. Rd5 Re6 27. Ba3 Ke8 28.
d7+ Kd8 29. Bxc5 1/2-1/2

[Event "PRO League KO Stage 2020"]
[Site "chess.com INT"]
[Date "2020.09.25"]
[Round "3.2"]
[White "Dominguez Perez, Leinier"]
[Black "Li, Chao b"]
[Result "1-0"]
[WhiteTitle "GM"]
[BlackTitle "GM"]
[WhiteElo "2758"]
[BlackElo "2683"]
[WhiteTeam "Saint Louis Arch Bishops"]
[BlackTeam "China Pandas"]
[WhiteFideId "3503240"]
[BlackFideId "8604436"]
[EventDate "2020.03.02"]

1. e4 c5 2. Nf3 a6 3. c4 Nc6 4. d4 cxd4 5. Nxd4 e5 6. Nf5 d5 7. cxd5 Bxf5 8.
exf5 Nd4 9. Nc3 Nf6 10. Bg5 Be7 11. Bxf6 Bxf6 12. Bd3 g6 13. O-O gxf5 14. Ne2
Nxe2+ 15. Qxe2 Qd7 16. Qf3 f4 17. Rac1 Bg7 18. Rfd1 Qd6 19. Qg4 Bf6 20. Rc2 Rd8
21. Be4 Kf8 22. Rdc1 Rg8 23. Qh3 Rg7 24. Rc7 Qb4 25. Qf5 Rg6 26. g3 fxg3 27.
hxg3 Qb6 28. Kg2 Kg7 29. Qe6 Qxe6 30. dxe6 Bg5 31. Rxf7+ Kg8 32. Bxg6 Bxc1 33.
Bxh7+ Kh8 34. e7 1-0

[Event "PRO League KO Stage 2020"]
[Site "chess.com INT"]
[Date "2020.09.25"]
[Round "3.2"]
[White "Yu, Yangyi"]
[Black "Xiong, Jeffery"]
[Result "1/2-1/2"]
[WhiteTitle "GM"]
[BlackTitle "GM"]
[WhiteElo "2709"]
[BlackElo "2709"]
[WhiteTeam "China Pandas"]
[BlackTeam "Saint Louis Arch Bishops"]
[WhiteFideId "8603820"]
[BlackFideId "2047640"]
[EventDate "2020.03.02"]

1. d4 Nf6 2. c4 e6 3. Nc3 Bb4 4. Nf3 O-O 5. Bg5 c5 6. e3 cxd4 7. exd4 d5 8. Rc1
h6 9. Bh4 dxc4 10. Bxc4 b6 11. O-O Bb7 12. Qe2 Be7 13. Bxf6 Bxf6 14. Rfd1 Re8
15. Ne4 Nc6 16. Ba6 Bxa6 17. Qxa6 Nb4 18. Qa4 Nd5 19. Ne5 a6 20. g3 Qe7 21. a3
Red8 22. Qb3 Qb7 23. Nc5 Qc8 24. Ne4 Qb7 25. Qf3 Rac8 26. Nxf6+ gxf6 27. Ng4 f5
28. Nf6+ Kg7 29. Nh5+ Kh7 30. Re1 Rxc1 31. Rxc1 Qe7 32. Re1 Qg5 33. h4 Qg4 34.
Qxg4 fxg4 35. Re4 Kg6 36. Nf4+ Nxf4 37. Rxf4 h5 38. Re4 Rd5 39. Kf1 Kf5 40. Rf4+
Kg6 41. Re4 Kf6 42. Ke2 Ke7 43. Kd3 Kd6 44. Kc4 f5 45. Re2 Rb5 46. b4 Rd5 47.
Kc3 Kd7 48. Kc4 Kd6 49. Kc3 Kd7 50. Kc4 Kd6 1/2-1/2

[Event "PRO League KO Stage 2020"]
[Site "chess.com INT"]
[Date "2020.09.25"]
[Round "3.3"]
[White "Ding, Liren"]
[Black "Dominguez Perez, Leinier"]
[Result "1/2-1/2"]
[WhiteTitle "GM"]
[BlackTitle "GM"]
[WhiteElo "2805"]
[BlackElo "2758"]
[WhiteTeam "China Pandas"]
[BlackTeam "Saint Louis Arch Bishops"]
[WhiteFideId "8603677"]
[BlackFideId "3503240"]
[EventDate "2020.03.02"]

1. e4 e5 2. Nf3 Nc6 3. Bc4 Bc5 4. O-O Nf6 5. d3 O-O 6. h3 d5 7. exd5 Nxd5 8. Re1
Be6 9. c3 Bb6 10. Bb3 Re8 11. Na3 Bc5 12. Nc4 f6 13. d4 exd4 14. cxd4 Bf8 15.
Bd2 Qd7 16. Rc1 a6 17. Ne3 Bf7 18. Ba4 Nb6 19. Bb3 Rad8 20. Bc3 Nd5 21. Nxd5
Bxd5 22. Rxe8 Rxe8 23. Bd2 Ne7 24. Bb4 c6 25. Bxe7 Rxe7 26. Rc5 Bf7 1/2-1/2

[Event "PRO League KO Stage 2020"]
[Site "chess.com INT"]
[Date "2020.09.25"]
[Round "3.3"]
[White "So, Wesley"]
[Black "Li, Chao b"]
[Result "1-0"]
[WhiteTitle "GM"]
[BlackTitle "GM"]
[WhiteElo "2770"]
[BlackElo "2683"]
[WhiteTeam "Saint Louis Arch Bishops"]
[BlackTeam "China Pandas"]
[WhiteFideId "5202213"]
[BlackFideId "8604436"]
[EventDate "2020.03.02"]

1. e4 c5 2. Nf3 d6 3. d4 cxd4 4. Nxd4 Nf6 5. f3 Nc6 6. c4 e6 7. Nc3 Be7 8. Be3
O-O 9. Qc2 Qc7 10. Nxc6 bxc6 11. Bd3 d5 12. cxd5 cxd5 13. exd5 exd5 14. O-O Bd6
15. h3 Re8 16. Bd4 Bc5 17. Bxc5 Qxc5+ 18. Qf2 d4 19. Ne4 Nxe4 20. Bxe4 Rb8 21.
Rfd1 Rd8 22. Bxh7+ Kf8 23. Be4 Bb7 24. Rac1 Qb6 25. Bd3 Bd5 26. b3 Qf6 27. Bc4
a5 28. Qxd4 Bxc4 29. Qxc4 Qb6+ 30. Kh1 Kg8 31. Rxd8+ Rxd8 32. Qc5 Qh6 33. a4 Qf4
34. Re1 Qd2 35. Qe3 Qb4 36. Qe7 Qb6 37. Qe3 Qb4 38. Kh2 Rb8 39. Rd1 Rc8 40. Rd5
Qb8+ 41. Qe5 Qxb3 42. Rxa5 Qb6 43. Rb5 Qa7 44. a5 Rd8 45. Rb6 Kh7 46. Qg3 Rd5
47. Qh4+ Kg8 48. Qf4 Rxa5 49. Rb8+ Kh7 50. Rf8 Kg6 51. Qe4+ Kf6 52. Qc6+ Kg5 53.
f4+ Kxf4 54. Rxf7+ 1-0

[Event "PRO League KO Stage 2020"]
[Site "chess.com INT"]
[Date "2020.09.25"]
[Round "3.3"]
[White "Yu, Yangyi"]
[Black "Caruana, Fabiano"]
[Result "1/2-1/2"]
[WhiteTitle "GM"]
[BlackTitle "GM"]
[WhiteElo "2709"]
[BlackElo "2842"]
[WhiteTeam "China Pandas"]
[BlackTeam "Saint Louis Arch Bishops"]
[WhiteFideId "8603820"]
[BlackFideId "2020009"]
[EventDate "2020.03.02"]

1. d4 Nf6 2. c4 e6 3. Nf3 d5 4. Nc3 a6 5. c5 b6 6. cxb6 cxb6 7. Bf4 Bd6 8. Bxd6
Qxd6 9. e3 O-O 10. Bd3 Nbd7 11. O-O Bb7 12. Qb3 Rfc8 13. Rfc1 Rc7 14. Rc2 Rac8
15. Rac1 b5 16. Ne2 Nb6 17. Rxc7 Rxc7 18. Rxc7 Qxc7 19. Ne5 Qd6 20. Nf4 Nc4 21.
Qc3 g6 22. h3 Qb8 23. b3 Nxe5 24. dxe5 Nd7 25. a4 bxa4 26. bxa4 Nxe5 27. Bf1 Nc4
28. Nd3 Qd6 29. Qd4 a5 30. Qa7 Qb6 31. Qb8+ Kg7 32. Qf4 Qd6 33. Qd4+ e5 34. Qa7
Bc6 35. Nc5 h5 36. h4 Qf6 37. Qc7 Qd6 38. Qa7 Nd2 39. Qxa5 Nxf1 40. Kxf1 d4 41.
Nd3 dxe3 42. Qxe5+ Qxe5 43. Nxe5 Bxa4 44. fxe3 Kf6 45. Nf3 Kf5 46. Kf2 f6 47.
Nd2 Kg4 48. g3 Bc6 49. Nc4 Bd5 50. Nd6 g5 51. Ne8 Kf5 52. Nd6+ Ke5 53. Nb5 Bc6
54. Nd4 Be4 55. Nb5 Bd3 56. Nd4 Be4 57. Nb5 Bd3 58. Nd4 Be4 1/2-1/2

[Event "PRO League KO Stage 2020"]
[Site "chess.com INT"]
[Date "2020.09.25"]
[Round "3.4"]
[White "Caruana, Fabiano"]
[Black "Ding, Liren"]
[Result "1/2-1/2"]
[WhiteTitle "GM"]
[BlackTitle "GM"]
[WhiteElo "2842"]
[BlackElo "2805"]
[WhiteTeam "Saint Louis Arch Bishops"]
[BlackTeam "China Pandas"]
[WhiteFideId "2020009"]
[BlackFideId "8603677"]
[EventDate "2020.03.02"]

1. d4 Nf6 2. c4 g6 3. g3 Bg7 4. Bg2 O-O 5. Nc3 d6 6. Nf3 Nc6 7. O-O a6 8. Bg5 h6
9. Bf4 Rb8 10. Rc1 b5 11. cxb5 axb5 12. d5 e5 13. dxe6 Bxe6 14. Nxb5 Rxb5 15.
Rxc6 Rxb2 16. Qc1 Rxa2 17. Rxc7 g5 18. Be3 Nd5 19. Rc6 Nxe3 20. Qxe3 Bd5 21.
Rcc1 Re8 22. Qd3 Qa8 23. Rc7 Be4 24. Qb3 Qd5 25. Qxd5 Bxd5 26. e3 Rb8 27. Rd1
Be6 28. Ne1 d5 29. Rc2 Rxc2 30. Nxc2 Rb2 31. Nd4 Bxd4 32. exd4 Kg7 33. h4 gxh4
34. gxh4 Kg6 35. Rd3 Kh5 36. Re3 Kxh4 37. Re5 Rd2 38. Bxd5 Rxd4 39. Bxe6 fxe6
40. Rxe6 Kg5 1/2-1/2

[Event "PRO League KO Stage 2020"]
[Site "chess.com INT"]
[Date "2020.09.25"]
[Round "3.4"]
[White "Dominguez Perez, Leinier"]
[Black "Yu, Yangyi"]
[Result "1/2-1/2"]
[WhiteTitle "GM"]
[BlackTitle "GM"]
[WhiteElo "2758"]
[BlackElo "2709"]
[WhiteTeam "Saint Louis Arch Bishops"]
[BlackTeam "China Pandas"]
[WhiteFideId "3503240"]
[BlackFideId "8603820"]
[EventDate "2020.03.02"]

1. e4 e5 2. Nf3 Nf6 3. Nxe5 d6 4. Nf3 Nxe4 5. d4 d5 6. Bd3 Nc6 7. O-O Be7 8.
Nbd2 Bf5 9. Re1 Nxd2 10. Qxd2 Bg6 11. c3 O-O 12. Qc2 Qd7 13. Bf4 Rfe8 14. Re2
Bf8 15. Rae1 Rxe2 16. Qxe2 a6 17. h3 f6 18. Bxg6 hxg6 19. Qd3 Ne7 20. g4 c6 21.
Kg2 Re8 22. Re3 g5 23. Bg3 Nc8 24. Rxe8 Qxe8 25. h4 gxh4 26. Nxh4 Bd6 27. Nf5
Bxg3 28. Qxg3 1/2-1/2

[Event "PRO League KO Stage 2020"]
[Site "chess.com INT"]
[Date "2020.09.25"]
[Round "3.4"]
[White "Li, Chao b"]
[Black "Xiong, Jeffery"]
[Result "0-1"]
[WhiteTitle "GM"]
[BlackTitle "GM"]
[WhiteElo "2683"]
[BlackElo "2709"]
[WhiteTeam "China Pandas"]
[BlackTeam "Saint Louis Arch Bishops"]
[WhiteFideId "8604436"]
[BlackFideId "2047640"]
[EventDate "2020.03.02"]

1. e4 e5 2. Nf3 Nc6 3. c3 d5 4. d3 Nf6 5. Nbd2 a5 6. Be2 Bc5 7. O-O O-O 8. Qc2
Re8 9. b3 d4 10. Bb2 dxc3 11. Bxc3 Bg4 12. Qb2 Bxf3 13. Nxf3 Qd6 14. a3 Rad8 15.
h3 Nh5 16. Nxe5 Nf4 17. Nxc6 Nxh3+ 18. Kh1 Nxf2+ 19. Rxf2 Bxf2 20. Bg4 Qxc6 21.
Bxg7 Rxd3 22. Bf5 Bg3 23. Rf1 Red8 24. Qa1 Qd6 25. e5 Qd4 26. e6 Qxa1 0-1

[Event "PRO League KO Stage 2020"]
[Site "chess.com INT"]
[Date "2020.09.25"]
[Round "3.1"]
[White "Tari, Aryan"]
[Black "Maghsoodloo, Parham"]
[Result "0-1"]
[WhiteTitle "GM"]
[BlackTitle "GM"]
[WhiteElo "2634"]
[BlackElo "2676"]
[WhiteTeam "Canada Chessbrahs"]
[BlackTeam "Armenia Eagles"]
[WhiteFideId "1510045"]
[BlackFideId "12539929"]
[EventDate "2020.03.02"]

1. c4 Nf6 2. Nc3 c5 3. Nf3 d5 4. cxd5 Nxd5 5. e4 Nb4 6. Bb5+ N8c6 7. d4 cxd4 8.
a3 dxc3 9. axb4 Qxd1+ 10. Kxd1 c2+ 11. Kxc2 Bd7 12. Kb3 a6 13. Bc4 Rc8 14. Bd2
b5 15. Be2 Be6+ 16. Ka3 Bg4 17. Bc3 e5 18. Rhe1 f6 19. Kb3 Be6+ 20. Kc2 Nxb4+
21. Kb1 Rc6 22. Rc1 Bc8 23. Ra3 Rc5 24. Nd2 Kf7 25. Rd1 Rc7 26. Nb3 Be7 27. Ra1
Be6 28. Nc1 Rc6 29. Nd3 Nxd3 30. Bxd3 Rd8 31. Bc2 Rdc8 32. Bd3 Bb3 33. Rc1 Bc5
34. Be1 Bd4 35. Rxc6 Rxc6 36. Ra3 Be6 37. f3 Ke7 38. Bb4+ Kd7 39. Bc3 Bxc3 40.
bxc3 Kc7 41. Kb2 Kb6 42. Ra1 a5 43. h4 h6 44. Kc2 b4 45. Kd2 Rxc3 0-1

[Event "PRO League KO Stage 2020"]
[Site "chess.com INT"]
[Date "2020.09.25"]
[Round "3.1"]
[White "Saric, Ivan"]
[Black "Martirosyan, Haik M."]
[Result "1/2-1/2"]
[WhiteTitle "GM"]
[BlackTitle "GM"]
[WhiteElo "2646"]
[BlackElo "2617"]
[WhiteTeam "Canada Chessbrahs"]
[BlackTeam "Armenia Eagles"]
[WhiteFideId "14508150"]
[BlackFideId "13306553"]
[EventDate "2020.03.02"]

1. e4 e5 2. Nf3 Nc6 3. Bb5 Nf6 4. O-O Nxe4 5. Re1 Nd6 6. Nxe5 Be7 7. Bd3 O-O 8.
Nf3 Ne8 9. c3 Nf6 10. Bc2 d5 11. h3 d4 12. Nxd4 Nxd4 13. cxd4 c6 14. Nc3 Re8 15.
d5 Nxd5 16. Nxd5 Qxd5 17. Bb3 Qd8 18. Qh5 Rf8 19. d4 Bf6 20. d5 cxd5 21. Bxd5
Be6 22. Bxe6 fxe6 23. Be3 Bxb2 24. Rab1 Qf6 25. Re2 Be5 26. Bc5 Bd4 27. Bxf8
Rxf8 28. Qg4 e5 29. Rxb7 Bxf2+ 30. Kh2 Bd4 31. Re1 h5 32. Qxh5 Bf2 33. Rf1 e4
34. Qd5+ Kh8 35. Qxe4 Qa6 36. Rxf2 Qd6+ 37. Kg1 Qd1+ 38. Kh2 Qd6+ 39. Kh1 Qd1+
40. Kh2 Qd6+ 1/2-1/2

[Event "PRO League KO Stage 2020"]
[Site "chess.com INT"]
[Date "2020.09.25"]
[Round "3.1"]
[White "Petrosian, Tigran L."]
[Black "Giri, Anish"]
[Result "0-1"]
[WhiteTitle "GM"]
[BlackTitle "GM"]
[WhiteElo "2601"]
[BlackElo "2763"]
[WhiteTeam "Armenia Eagles"]
[BlackTeam "Canada Chessbrahs"]
[WhiteFideId "13301616"]
[BlackFideId "24116068"]
[EventDate "2020.03.02"]

1. Nf3 d5 2. g3 g6 3. d4 Bg7 4. c4 dxc4 5. Bg2 c5 6. d5 Nf6 7. Nc3 O-O 8. O-O
Nbd7 9. a4 b6 10. Nd2 Ba6 11. Nb5 Ne8 12. Nxc4 Bxb5 13. axb5 Nd6 14. Qb3 Ne5 15.
Nxe5 Bxe5 16. f4 Bd4+ 17. e3 c4 18. Qa4 Bc5 19. b4 cxb3 20. Qxb3 Qd7 21. Rb1 a6
22. bxa6 Rxa6 23. Kh1 Qa4 24. Qc3 Qc4 25. Qxc4 Nxc4 26. e4 Ne3 27. Bxe3 Bxe3 28.
e5 Rd8 29. Rfd1 Bc5 30. Rb3 f6 31. Rbd3 Ra7 32. h4 Kg7 33. Kh2 fxe5 34. fxe5 Ra2
35. Kh3 Re2 36. d6 Rxe5 37. d7 Re6 38. Ra1 Bd6 39. Bc6 Rf6 40. Ra8 Rff8 41. Rxd8
Rxd8 42. Rf3 h5 43. g4 hxg4+ 44. Kxg4 e6 45. Rf1 Be7 46. Re1 Kf7 47. Ba4 Rh8 48.
Bb3 Rxh4+ 49. Kg3 Rd4 50. Bxe6+ Kg7 51. Rf1 Bf6 52. Rb1 Rd6 53. Bg4 Bg5 54. Kf3
Bf6 55. Rc1 Rd3+ 56. Ke2 Rd6 57. Rc8 Kh6 58. Bh3 Kg5 59. Rf8 b5 60. Rb8 Kh4 61.
Rf8 Bg5 62. Rh8+ Kg3 63. Ke1 b4 64. Bf1 Rxd7 65. Rg8 Rd6 66. Bc4 Bd2+ 67. Ke2 g5
68. Bd3 Bf4 69. Rg7 Re6+ 70. Kd1 Kf2 71. Kc2 Rc6+ 72. Kb1 Rc3 73. Bf5 Rc5 74.
Be4 Re5 75. Bc6 Re1+ 76. Kc2 Rc1+ 77. Kb3 Rxc6 0-1

[Event "PRO League KO Stage 2020"]
[Site "chess.com INT"]
[Date "2020.09.25"]
[Round "3.1"]
[White "Sadhwani, Raunak"]
[Black "Grischuk, Alexander"]
[Result "1/2-1/2"]
[WhiteTitle "IM"]
[BlackTitle "GM"]
[WhiteElo "2545"]
[BlackElo "2777"]
[WhiteTeam "Armenia Eagles"]
[BlackTeam "Canada Chessbrahs"]
[WhiteFideId "35093487"]
[BlackFideId "4126025"]
[EventDate "2020.03.02"]

1. e4 e5 2. Nf3 Nc6 3. Nc3 Nf6 4. d4 exd4 5. Nxd4 Bb4 6. Nxc6 bxc6 7. Bd3 d5 8.
exd5 O-O 9. O-O cxd5 10. h3 Rb8 11. a3 Be7 12. b4 c5 13. bxc5 Bxc5 14. Bg5 Be6
15. Ne2 h6 16. Bh4 Rb6 17. Nf4 g5 18. Nxe6 Rxe6 19. Bg3 Ne4 20. Bxe4 dxe4 21.
Kh2 Qxd1 22. Rfxd1 f5 23. f4 exf3 24. gxf3 f4 25. Be1 Re2+ 26. Kh1 Rfe8 27. Bb4
Rxc2 28. Bxc5 Rxc5 29. Rd7 Rc3 30. Rxa7 Rxf3 31. Rc1 Rxh3+ 32. Kg1 Rg3+ 33. Kf2
g4 34. Rcc7 Rf3+ 35. Kg2 Re2+ 36. Kg1 Re1+ 37. Kg2 Re2+ 38. Kg1 Re1+ 39. Kg2
Re2+ 1/2-1/2

[Event "PRO League KO Stage 2020"]
[Site "chess.com INT"]
[Date "2020.09.25"]
[Round "3.2"]
[White "Maghsoodloo, Parham"]
[Black "Saric, Ivan"]
[Result "0-1"]
[WhiteTitle "GM"]
[BlackTitle "GM"]
[WhiteElo "2676"]
[BlackElo "2646"]
[WhiteTeam "Armenia Eagles"]
[BlackTeam "Canada Chessbrahs"]
[WhiteFideId "12539929"]
[BlackFideId "14508150"]
[EventDate "2020.03.02"]

1. c4 g6 2. g3 Bg7 3. Bg2 c5 4. Nc3 Nc6 5. h4 h6 6. a3 d6 7. Rb1 a5 8. d3 e6 9.
Nh3 e5 10. Bd2 Nge7 11. Qc1 a4 12. Qd1 Nd4 13. Nxa4 Bg4 14. Nc3 Qd7 15. f3 Be6
16. Nf2 O-O 17. e3 Ndc6 18. O-O b6 19. e4 Nd4 20. f4 b5 21. Nd5 Rab8 22. f5 gxf5
23. Qh5 bxc4 24. dxc4 Bxd5 25. cxd5 Rb3 26. Kh2 fxe4 27. Nxe4 f5 28. Bxh6 fxe4
29. Bxg7 Kxg7 30. Qg5+ Ng6 31. Rxf8 Kxf8 32. Qxg6 Qg7 33. Qxd6+ Ke8 34. g4 Qxg4
35. Qxe5+ Kf7 36. Qxe4 Rh3+ 37. Bxh3 Qxe4 38. Rf1+ Ke7 39. Kg3 Qe5+ 40. Kg2
Qxd5+ 41. Kf2 Qb3 0-1